000
00227nam a22000977a 4500
040
_c
339
082
_a
339 ROB 1985 C090
100
_a
ROBERT SUGDEN
245
_a
The principles of practical cost-benefit analysis
942
_c
AEDBB
999
_c
11115
_d
11115